Normal view MARC view
  • B.S.Dhillon C. Singh

Entry Personal Name

Number of records used in: 2

001 - CONTROL NUMBER

  • control field: 2082

003 - CONTROL NUMBER IDENTIFIER

  • control field: NUST

005 - DATE AND TIME OF LATEST TRANSACTION

  • control field: 20170606125258.0

008 - FIXED-LENGTH DATA ELEMENTS

  • fixed length control field: 170606|| aca||aabn | a|a d

040 ## - CATALOGING SOURCE

  • Original cataloging agency: NUST
  • Transcribing agency: NUST

100 ## - HEADING--PERSONAL NAME

  • Personal name: B.S.Dhillon C. Singh

670 ## - SOURCE DATA FOUND

  • Source citation: Work cat.: (NUST)23698: B.S.Dhillon C. Singh, Engineering Reliabilty New Techniques and Applications , c.1981
© 2023 Central Library, National University of Sciences and Technology. All Rights Reserved.